000 00305nam a2200121Ia 4500
005 20251222121409.0
008 251222s1900||||xx |||||||||||||| ||spa||
020 _a9972-2515-1-9
082 _a985.612/R53
100 _a"Ricalde RĂ­os, Eliana, coor."
245 0 _aAmanecer en el bajo Huatanay
942 _cDVD
999 _c2465
_d2465